Vplyv spoločnej poľnohospodárskej politiky Európskej únie na ekonomiku Slovenska monografia

Bibliographic Details
Main Authors: Pokrivčák, Ján (Author), Qineti, Artan, 1973- (Author), Ács, Daniel (Author), Matejková, Eva Ing (Author)
Format: Book
Language:Slovak
PhysicalDescription:117 s. grafy, sch., tab. 24 cm
Published: Nitra Slovenská poľnohospodárska univerzita 2010
ISBN:9788055204192
Edition:1. vyd.
Subjects:

MARC

LEADER 00000cam a2200000 a 4500
001 vtls010285115
003 SK-MaSNL
005 20260425232828.0
008 180809s2010 xo dl f 000 0 slo
015 |a SNBA2011/09-04791 
020 |a 9788055204192  |q (brož.) 
035 |a D0F9BAC9-DE97-4722-B848-66F8458B7B58 
035 |a urn:nbn:sk:snk-amji2i 
035 |a urn:nbn:sk:snk-am001ymu 
040 |a SNK  |b slo  |c SNK  |e AACR2 
041 0 |a slo 
043 |a e-xo---  |a e------ 
044 |a xo  |c SK 
072 7 |a 338.3/.4  |x Hospodárske a výrobné odvetvia  |2 konspekt 
072 7 |a 332  |x Regionálna ekonómia, regionálna ekonomika  |2 konspekt 
080 |a 63  |2 2001 
080 |a 338.43.02  |2 2001 
080 |a (4)  |2 2001 
080 |a (437.6)  |2 2001 
080 |a (048.8)  |2 2001 
080 |a 33  |2 2001 
080 |a 332.055.2  |2 2001 
245 0 0 |a Vplyv spoločnej poľnohospodárskej politiky Európskej únie na ekonomiku Slovenska  |b monografia  |c Ján Pokrivčák ... [et al.] 
250 |a 1. vyd. 
260 |a Nitra  |b Slovenská poľnohospodárska univerzita  |c 2010 
300 |a 117 s.  |b grafy, sch., tab.  |c 24 cm 
504 |a Bibliogr. s. 105-108. Pozn. Zozn. 
610 2 7 |a Európska únia  |2 SNKPH  |9 29861 
610 2 7 |a European Union  |2 SNKPHeng  |9 274765 
650 0 7 |a poľnohospodárstvo  |2 SNKPH  |9 679 
650 0 7 |a poľnohospodárska politika  |2 SNKPH  |9 2210 
650 0 7 |a ekonomika  |2 SNKPH  |9 789 
650 0 7 |a Agriculture  |2 SNKPHeng  |9 265172 
650 0 7 |a Agriculture policy  |2 SNKPHeng  |9 412532 
650 0 7 |a Economics  |2 SNKPHeng  |9 265310 
650 0 7 |a regionálny rozvoj  |2 SNKPH  |9 2352 
650 0 7 |a Regional development  |2 SNKPHeng  |9 98197 
651 7 |a Slovensko  |2 SNKPH  |9 14231 
651 7 |a Slovakia  |2 SNKPHeng  |9 92630 
651 7 |a krajiny Európskej únie  |2 SNKPH  |9 31482 
651 7 |a European Union countries  |2 SNKPHeng  |9 276031 
655 7 |a monografie  |2 SNKPH  |9 70139 
655 7 |a Monographs  |2 SNKPHeng  |9 120675 
700 1 |a Pokrivčák, Ján  |4 aut  |9 317696 
700 1 |a Qineti, Artan,  |d 1973-  |4 aut  |9 193491 
700 1 |a Ács, Daniel  |4 aut  |9 481964 
700 1 |a Matejková, Eva  |c Ing  |4 aut  |9 9815 
852 |a Štátna vedecká knižnica v Banskej Bystrici 
919 |a 978-80-552-0419-2 
958 |a NB 
968 |d 63 
999 |c 749607  |d 751537 
952 |a SNK  |b SNK  |y PREZ  |7 0  |p 17A0704834  |o snkSC 145786  |i snk2011/13384  |8 0  |0 0  |1 0  |4 0  |d 2011-06-10  |l 0  |r 2025-07-15 00:00:00  |w 2026-02-23 
952 |a SNK  |b SNK  |y VYP  |7 0  |p 17A0704835  |o snkSC 145786 D1  |i snk2011/13385  |8 0  |0 0  |1 0  |4 0  |d 2011-06-10  |f 1  |l 0  |r 2026-02-23 23:27:54  |w 2026-02-23